| 000 | 00869nam a2200193Ia 4500 | ||
|---|---|---|---|
| 005 | 20251020182532.0 | ||
| 008 | 200515s9999 xx 000 0 und d | ||
| 082 | _a711.42/S21 | ||
| 100 | _aSANCHEZ LEON, Abelardo CALDERÓN COCKBURN, Julio | ||
| 245 | 0 | _aEl laberinto de la ciudad : Políticas urbanas del estado 1950-1979 | |
| 250 | _a2a ed. | ||
| 260 | _aLima | ||
| 260 | _c1987 | ||
| 500 | _a de ese modo, se convierte en un instrumento importante para el análisis y la evaluación de lo ocurrido en relación al problema de la vivienda, la dotación de los servicios básicos | ||
| 520 | _aSe analizan, especialmente, las principales políticas del Estado en relación al problema del crecimiento de Lima desde el régimen del general Odría hasta fines del último gobierno militar | ||
| 650 | _aLIB | ||
| 650 | _aPROBLEMATICA HABITACIONAL | ||
| 942 | _cLIB | ||
| 999 |
_c2113 _d2113 |
||